| 000 | 01228nam a2200157Ia 4500 | ||
|---|---|---|---|
| 008 | 220104s9999 xx 000 0 und d | ||
| 100 | _aAigbodion A I | ||
| 245 | 0 | _aPreparation, analysis and applications of rubber seed oil and its derivatives in surface coatings | |
| 520 | _aRubber seed oil(RSO) was used in the manufacture of alkyd resins (both solvent and waterborne) which were evaluated as binders in air-drying binder in surface coatings. Heating conferred drying ability on the crude RSO that was naturally semi-drying. The physicochemical properties of solvent-borne alkyds were shown to vary with oil length (OL) and they were optimum at 50;OL. Water-bone alkyds investigated showed that the sample with lower oil content contained lower volatile organic content. All the alkyd samples and heated RSO were fairly resistant to water and alkali, while they were virtually unaffected by acid abd salt solutions. The water-borne alkyds were, however, more resistant than their solvent-borne counterparts, but exhibited lower scratch/gouge pencil hardness. | ||
| 650 | _aAlkyd resins | ||
| 650 | _aRubber seed oil | ||
| 650 | _aSurface coatings | ||
| 650 | _aWater resistance | ||
| 700 | _aPillai C K S | ||
| 942 | _cBE | ||
| 999 |
_c47427 _d47427 |
||